US States with the Ugliest Women - Statistics

General Stats
  • This quiz has been taken 326 times
  • The average score is 5 of 8
Answer Stats
# State with ugly women % Correct
5 Alabama
80%
8 Texas
74%
1 Mississippi
73%
4 Arkansas
68%
3 Louisiana
60%
2 Oklahoma
58%
6 Iowa
43%
7 Minnesota
27%
No matching quizzes found
Score Distribution
Percent of People with Each Score
Percentile by Number Answered
Your Score History
You have not taken this quiz